| 000 | 005520000a22001810004500 | ||
|---|---|---|---|
| 003 | MACL | ||
| 005 | 20160528125842.0 | ||
| 008 | 160528b xxu||||| |||| 00| 0 eng d | ||
| 040 |
_aMACL _cMACL |
||
| 041 | _aHindi | ||
| 082 | _a891.433 | ||
| 100 |
_aप्रेम, पी सी के _960209 |
||
| 245 |
_aवंशदान _cपी सी के प्रेम |
||
| 260 |
_bबाल पुस्तक संस्थान _c2002 _aदिल्ली |
||
| 350 | _a400 | ||
| 650 |
_aNovel _960503 |
||
| 942 |
_cHIN _k800/PRE/N _2ddc |
||
| 999 |
_c9325 _d9325 |
||